000 00564nam a2200181Ia 4500
999 _c51732
_d51732
005 20240530104919.0
008 140319s9999 xx 000 0 ara d
017 _bمصر. دار الكتب
040 _aGCL /
_cGCL
082 0 4 _a301.2
_bد ح
_221
100 1 _aدومنيك وجانين سورديل
245 1 0 _aالحضارة الاسلامية فى عصرها الذهبى /
_cدومنيك وجانين سورديل
260 _c1980
300 _a216 ص
650 0 4 _aالحضارة الاسلامية
_2qrmak
651 _2qrmak
942 _2ddc
_cBK